| 000 | 00844nam a22002771 4500 | ||
|---|---|---|---|
| 001 | 32666 | ||
| 003 | BD-RjUL | ||
| 005 | 20211209051857.0 | ||
| 008 | 140427s1967 ii 001 0 eng | ||
| 035 | _a(BD-RjUL)32756 | ||
| 035 | _a(OCoLC)6715179 | ||
| 040 |
_aDLC _cAzU _dDLC _dBD-RjUL _beng |
||
| 041 | _aeng | ||
| 082 |
_a297 _bNAI 1967 |
||
| 100 | 1 |
_aNadvī, Abulḥasan ʻAlī, _d1913- _945126 |
|
| 245 | 1 | 0 |
_aIslam and the world. _cAbul Ḥasan ʻAlī Nadawī. Translated by Muḥammad Āṣaf Qidwāī. |
| 250 | _a2nd ed. | ||
| 260 |
_aLahore : _bAshraf, _c1967. |
||
| 300 |
_axix, 229 p. ; _c22 cm. |
||
| 504 | _aIncludes bibliography and index. | ||
| 650 | 0 |
_aIslam _xHistory. _95258 |
|
| 942 |
_2ddc _cBK |
||
| 999 |
_c32666 _d32666 |
||